Strategický marketingový plán pre vybraný podnik diplomová práca

Salvato in:
Dettagli Bibliografici
Autore principale: Lazúr, Samuel
Ente Autore: Podnikovohospodárska fakulta EU so sídlom v Košiciach. Katedra obchodného podnikania
Altri autori: Janošková, Mária Ria, 1965-
Natura: Libro
Lingua:slovacco
Pubblicazione: Košice 2024
Tags: Aggiungi Tag
Nessun Tag, puoi essere il primo ad aggiungerne!!

MARC

LEADER 00000nbm a2200000 4500
001 0304007
005 20250120141801.6
041 0 |a slo 
044 |a SK 
245 1 0 |a Strategický marketingový plán pre vybraný podnik  |b diplomová práca  |c Samuel Lazúr ; školiteľ: Mária Ria Janošková 
264 1 |a Košice  |c 2024 
300 |a 75 s. 
100 1 |a Lazúr, Samuel 
700 1 |a Janošková, Mária Ria, 1965- 
710 2 |a Podnikovohospodárska fakulta EU so sídlom v Košiciach. Katedra obchodného podnikania